|
|
|
|
| LEADER |
02290nam a2200505 a 4500 |
| 001 |
000734578 |
| 003 |
CZ BrMZK |
| 005 |
20080715131743.0 |
| 007 |
ta |
| 008 |
040913s2004 xr d er 100 0 cze d |
| 015 |
|
|
|a cnb001416226
|
| 020 |
|
|
|a 80-7157-774-X
|q (brož.)
|
| 035 |
|
|
|a (OCoLC)85119097
|
| 040 |
|
|
|a BOA001
|b cze
|
| 041 |
0 |
|
|a cze
|a slo
|
| 043 |
|
|
|a e-xr---
|a e------
|
| 072 |
|
7 |
|a 63
|x Zemědělství a příbuzné oblasti vědy a techniky
|2 Konspekt
|9 24
|
| 080 |
|
|
|a 339.923
|2 MRF
|
| 080 |
|
|
|a 63
|2 MRF
|
| 080 |
|
|
|a 631.15
|2 MRF
|
| 080 |
|
|
|a 338.43.02
|2 MRF
|
| 080 |
|
|
|a (4)
|2 MRF
|
| 080 |
|
|
|a (437.3)
|2 MRF
|
| 080 |
|
|
|a (062.534)
|2 MRF
|
| 111 |
2 |
|
|a Proces evropské integrace v zemědělství - příležitost nebo hrozba? (konference)
|d (2004 :
|c Buchlovice, Česko)
|7 kn20041029008
|
| 245 |
1 |
0 |
|a Proces evropské integrace v zemědělství - příležitost nebo hrozba? :
|b sborník příspěvků z mezinárodní konference : Buchlov, 15.-16. dubna 2004 /
|c [editor Libor Grega]
|
| 246 |
3 |
|
|a Sborník příspěvků z mezinárodní konference Proces evropské integrace v zemědělství - příležitost nebo hrozba?
|
| 250 |
|
|
|a Vyd. 1.
|
| 260 |
|
|
|a V Brně :
|b Mendelova zemědělská a lesnická univerzita, Provozně ekonomická fakulta,
|c 2004
|
| 300 |
|
|
|a 179 s. :
|b grafická znázornění ;
|c 21 cm
|
| 500 |
|
|
|a Nad názvem: Mendelova zemědělská a lesnická univerzita v Brně, Provozně ekonomická fakulta, Ústav podnikové ekonomiky,
|
| 500 |
|
|
|a 34 výt.
|
| 504 |
|
|
|a Obsahuje bibliografie
|
| 546 |
|
|
|a Český a slovenský text
|
| 500 |
|
|
|a Dostupné též v digitální podobě v aplikaci Kramerius
|
| 650 |
0 |
7 |
|a evropská integrace
|7 ph137464
|2 czenas
|
| 650 |
0 |
7 |
|a zemědělství
|7 ph116770
|z Česko
|2 czenas
|
| 650 |
0 |
7 |
|a zemědělská výroba
|7 ph116762
|z Česko
|2 czenas
|
| 650 |
0 |
7 |
|a zemědělská politika
|7 ph127616
|z Česko
|2 czenas
|
| 655 |
|
7 |
|a sborníky konferencí
|7 fd133333
|2 czenas
|
| 700 |
1 |
|
|a Grega, Libor,
|d 1963-
|7 xx0018740
|4 trl
|
| 856 |
4 |
1 |
|u http://www.digitalniknihovna.cz/mzk/uuid/uuid:62235330-b62b-11e6-a108-005056827e51
|y Digitalizovaný dokument
|x NDK
|
| 910 |
|
|
|a BOA001
|b 2-1139.914
|
| 990 |
|
|
|a BK
|
| 996 |
6 |
|
|b 2610228521
|c 2-1139.914
|l MZK
|r Sklad / do 1 hodiny
|n 3
|p p.v.
|w 000734578
|u 000010
|a 1
|e BOA001
|j MZK50
|s P
|